| 000 | 00612nam a2200253 a 4500 | ||
|---|---|---|---|
| 001 | nice12345678 | ||
| 003 | IN_TiNIC | ||
| 005 | 20260116011320.0 | ||
| 008 | 050524s1968 bana grp 000 0 eng | ||
| 020 |
_a _c2 |
||
| 082 | 0 | 0 |
_a268.6 _bARA |
| 100 | _aArangaden, A J | ||
| 245 |
_aVisible Kingdom of Christ on Earth _b Religious Play |
||
| 260 |
_aBangalore _bCISRS _c1968 |
||
| 300 | _a60p | ||
| 500 | _aincludes index and biblioraphy | ||
| 505 | 2 | _aIndex | |
| 650 | _aChristian-Education | ||
| 650 | _aBible Plays | ||
| 700 | 1 | _aArangaden, A J | |
| 902 | _bSRS | ||
| 942 | _cBK | ||
| 999 |
_c443 _d443 |
||